000 02437cam a22002294a 4500
005 20250605164107.0
008 250528s ||||||||||||||||||||||||d
035 _a17767
020 _a9789609495103
040 _aGR-AtMCL
_bgre
_dGR-AtMCL
_eAACR2
245 1 _aΕφαρμοσμένη Τοπογραφία.
_nΤόμος Β': 2η Έκδοση
250 _a
260 _bΔίσιγμα,
_c2010
300 _a656
520 _aΤο βιβλίο αυτό γράφτηκε με σκοπό να συμβάλει στην εκπαιδευτική διαδικασία του μαθήματος της Τοπογραφίας. Πρόλογος, Θεμελιώδεις Έννοιες της Θεωρίας Σφαλμάτων, Η Κανονική Κατανομή ή Κατανομή των Laplace-Gauss, Υπολογισμός της Πιθανότερης Τιμής, Παρατηρήσεις με Διαφορετικό Βάρος, Νόμος Μετάδοσης Σφαλμάτων, Σχήμα της Γης - Επιφάνειες Αναφοράς, Μια Προσέγγιση στο Σχήμα της Γης, Γεωμετρία Ελλειψοειδούς - Σχετικές Θέσεις, Θεμελιώδη Προβλήματα στο Ελλειψοειδές, Τα Ελλειψοειδή και η Εφαρμογή τους στον Ελλαδικό Χώρο, Προβολές, Παραμορφώσεις, Συντεταγμένες και οι Σχέσεις τους, Οι Προβολές στην Ελλάδα, Αναγωγές των Παρατηρήσεων, Αναγωγές στο Ελλειψοειδές, Εξισώσεις Απεικόνισης από ΕΕΠ στα Προβολικά Επίπεδα, Βελτιστοποίηση Datum από Πεπραγμένα της Γ.Υ.Σ., Πόλυγωνομετρία, Υψομετρία, Προδιαγραφές - Αμοιβές, Επαγγελματικά ο Τοπογράφος Μηχανικός, Τοπογραφία και Πολεοδομία, Γενικοί Κανόνες Σύνταξης Τοπογραφικών Διαγραμμάτων, Τυπολόγιο, Παράρτημα, Βιβλιογραφία - Αναφορές.
700 1 _aΚαριώτης Γεώργιος
_93998
700 1 _aΠαναγιωτόπουλος Ελευθέριος
_93999
700 1 _aΣυμεωνίδης Παύλος
_94000
942 _cBK
999 _c3167
_d3167